Теория и практика связей с общественностью: основы медиа-рилейшнз: учебное пособие

التفاصيل البيبلوغرافية
المؤلف الرئيسي: Гундарин М. В. Михаил Вячеславович
الملخص:В пособии рассматриваются основные аспекты системы эффективных коммуникаций со средствами массовой информации в сфере бизнеса и государственного управления, такие, как организация деятельности пресс-службы, организация и проведение медиа-мероприятий, эффективное использование медиа-документов, и др. Разделы пособия сопровождаются вопросами для самопроверки и материалами для дискуссии, призванными стимулировать самостоятельное освоение студентами материала. Пособие подготовлено в соответствии с государственным образовательным стандартом и может быть использовано при преподавании таких курсов, как "Основы связей с общественностью", "Корпоративные связи с общественностью", «Основы коммуникационного менеджмента», "Работа современной пресс-службы" и др.
اللغة:الروسية
منشور في: Москва, Форум, 2011
الطبعة:2-е изд., испр. и доп.
الموضوعات:
التنسيق: كتاب
KOHA link:https://koha.lib.tpu.ru/cgi-bin/koha/opac-detail.pl?biblionumber=197733

MARC

LEADER 00000nam0a2200000 4500
001 197733
005 20231101224755.0
010 |a 9785911344641 
035 |a (RuTPU)RU\TPU\book\215687 
035 |a RU\TPU\book\138092 
090 |a 197733 
100 |a 20071218d2011 m y0rusy50 ca 
101 0 |a rus 
102 |a RU 
105 |a y j 001zy 
200 1 |a Теория и практика связей с общественностью: основы медиа-рилейшнз  |e учебное пособие  |f М. В. Гундарин 
205 |a 2-е изд., испр. и доп. 
210 |a Москва  |c Форум  |d 2011 
215 |a 312 с. 
320 |a Литература: с. 329-331. 
330 |a В пособии рассматриваются основные аспекты системы эффективных коммуникаций со средствами массовой информации в сфере бизнеса и государственного управления, такие, как организация деятельности пресс-службы, организация и проведение медиа-мероприятий, эффективное использование медиа-документов, и др. Разделы пособия сопровождаются вопросами для самопроверки и материалами для дискуссии, призванными стимулировать самостоятельное освоение студентами материала. Пособие подготовлено в соответствии с государственным образовательным стандартом и может быть использовано при преподавании таких курсов, как "Основы связей с общественностью", "Корпоративные связи с общественностью", «Основы коммуникационного менеджмента», "Работа современной пресс-службы" и др. 
606 1 |a Связи с общественностью  |2 stltpush  |3 (RuTPU)RU\TPU\subj\67473  |9 83258 
610 1 |a PR 
610 1 |a паблик рилейшнз 
610 1 |a медиарилейшнз 
610 1 |a СМИ 
610 1 |a средства массовой информации 
610 1 |a пресс-службы 
610 1 |a аналитическая деятельность 
610 1 |a креативная деятельность 
610 1 |a корпоративные издания 
610 1 |a пресс-конференции 
610 1 |a подготовка 
610 1 |a пресс-релизы 
610 1 |a рассылки 
610 1 |a учебные пособия 
675 |a 659.4(075.8)  |v 3 
700 1 |a Гундарин  |b М. В.  |g Михаил Вячеславович 
801 1 |a RU  |b 63413507  |c 20110616 
801 2 |a RU  |b 63413507  |c 20150707  |g RCR 
900 |a Теория и практика связей с общественностью 
942 |c BK 
953 |b 031600 
959 |a 61/20110615  |d 2  |e 249,90  |f ЧЗГЛ:1  |f АНЛ:1